000 00340nam a2200133Ia 4500
008 220803s9999 xx 000 0 und d
041 _aeng
082 _a891.46 DES
100 _aDeshpande Y K
_920627
245 _aYashodhan
260 _aMumbai
_bMaharashtra Mudran Prakashan
_c1988
300 _a428p
650 _aMarathi Literature
_920628
999 _c13796
_d13796